|
|
|
|
| LEADER |
01364nam a22003017a 4500 |
| 001 |
43519 |
| 003 |
BD-DhAAL |
| 005 |
20241016163249.0 |
| 008 |
241008t19921997sp a|||| |||| 001 0 eng d |
| 020 |
|
|
|a 9781878753021
|
| 020 |
|
|
|a 1878753029
|
| 040 |
|
|
|a BD-DhAAL
|d BD-DhAAL
|
| 082 |
|
|
|a 338.7/4/025
|
| 245 |
|
|
|a Hoover's handbook of world business,
|f 1992 /
|c edited by Gary Hoover .. [et al].
|
| 246 |
|
|
|a Handbook of world business
|
| 260 |
|
|
|a Austin, TX :
|b Reference Press,
|c ©1991.
|
| 300 |
|
|
|a 333 pages :
|b illustrations, maps ;
|c 28 cm.
|
| 500 |
|
|
|a Published by: Hoover's Business Press, 1997-
|
| 504 |
|
|
|a Includes bibliographical references and index.
|
| 520 |
|
|
|a A comprehensive guide to international business covers more than 160 major non-U.S. companies and profiles the sixty most important nations for conducting business
|
| 541 |
|
|
|a Donation from the Asia Foundation/ Savar Campus
|e 43519
|
| 650 |
|
|
|a Corporations
|x Directories.
|9 56950
|
| 650 |
|
|
|a Business enterprises.
|x Directories.
|9 56951
|
| 700 |
|
|
|a Hoover, Gary.
|9 56978
|
| 852 |
|
|
|c General Stacks
|
| 942 |
|
|
|2 ddc
|c BK
|
| 999 |
|
|
|c 47011
|d 47011
|
| 952 |
|
|
|0 0
|1 0
|2 ddc
|4 0
|6 338_740250000000000_HOO
|7 0
|9 76682
|a SCL
|b SCL
|c GEN
|d 2024-10-08
|e Donation from the Asia Foundation/ Savar Campus
|l 0
|o 338.74025 HOO
|p 3020043519
|r 2024-10-08
|t 1
|w 2024-10-08
|y BK
|x Price not available in register.
|